01373cam a22003254i 4500003000900000005001700009008004100026035001900067040003300086082001700119100004600136245006500182264004000247336002100287337002500308338002300333505058900356526000900945526000900954526000900963526000900972526000900981526000900990526000800999526000801007526000801015526000801023526000801031526000801039PE-LiUPU20250731184545.0150625s r 000 0 d a(Sirsi) a31058 aPE-LiUPUbspacPE-LiUPUerda04a909bIb12211 aIbarra y Rodriguez, Eduardo, dr.,eautor.10aHistoria del mundo en la edad moderna; la restauracion .n9. 1aBarcelona :bRamón Sopena,c1952. atext2rdacontent aunmediated2rdamedia avolume2rdacarrier0 aLos congresos. - Los doctrinarios. - La reacción y la revolución en Francia. - Italia. - El papado y la iglesia Católica. - Grecia y la península Balcánica. - España. - El Brasil y Portugal. - La confederación Germánica. - La literatura en Alemania. - Rusia. - Polonia y la revolución Polaca. - La monatrquía de Orleans. - Los países bajos. - Mehemet Alt. - La gran Bretaña. - La emancipación de los católicos. - La gran Bretaña e Irlanda. - El Canadá. - Revolución: Poesías y novelas Inglesas. - Cambio económico. - Los economistas británicos. aP136 aP135 aP134 aP133 aP144 aP143 aP87 aP35 aP20 aP14 aP10 aP06